Leprechauns don't play basketball / (Record no. 2154)

MARC details
000 -LEADER
fixed length control field 01441cam a22004213a 4500
001 - CONTROL NUMBER
control field 2154
003 - CONTROL NUMBER IDENTIFIER
control field FISKH
005 - DATE AND TIME OF LATEST TRANSACTION
control field 20231107154239.0
008 - FIXED-LENGTH DATA ELEMENTS--GENERAL INFORMATION
fixed length control field 110808s1992 nyua j 000 1 eng d
010 ## - LIBRARY OF CONGRESS CONTROL NUMBER
LC control number 2011459477
020 ## - INTERNATIONAL STANDARD BOOK NUMBER
International Standard Book Number 9780590448222
020 ## - INTERNATIONAL STANDARD BOOK NUMBER
International Standard Book Number 9780780782235
020 ## - INTERNATIONAL STANDARD BOOK NUMBER
International Standard Book Number 0780782232
020 ## - INTERNATIONAL STANDARD BOOK NUMBER
International Standard Book Number 0590448226
035 ## - SYSTEM CONTROL NUMBER
System control number (OCoLC)ocm25417152
040 ## - CATALOGING SOURCE
Original cataloging agency MRQ
Transcribing agency MRQ
Modifying agency SLC
-- OCL
-- OCLCQ
-- BAKER
-- BTCTA
-- XY4
-- YDXCP
-- LF3
-- EM5
-- DLC
Language of cataloging ENG
042 ## - AUTHENTICATION CODE
Authentication code lccopycat
050 00 - LIBRARY OF CONGRESS CALL NUMBER
Classification number CPB Box no. 203 vol. 21
082 ## - DEWEY DECIMAL CLASSIFICATION NUMBER
Classification number 419
100 1# - MAIN ENTRY--PERSONAL NAME
Personal name Dadey, Debbie.
245 10 - TITLE STATEMENT
Title Leprechauns don't play basketball /
Statement of responsibility, etc. by Debbie Dadey and Marcia Thornton Jones ; illustrated by John Steven Gurney.
260 ## - PUBLICATION, DISTRIBUTION, ETC.
Place of publication, distribution, etc. New York :
Name of publisher, distributor, etc. Scholastic,
Date of publication, distribution, etc. 1992.
300 ## - PHYSICAL DESCRIPTION
Extent 71 pages :
Other physical details illustrations ;
Dimensions 20 cm
505 ## - FORMATTED CONTENTS NOTE
Formatted contents note P<br/>
520 ## - SUMMARY, ETC.
Summary, etc. There's a mystery going on between the new basketball coach and the third-grade teacher, Mrs. Jeepers.
521 0# - TARGET AUDIENCE NOTE
Target audience note 650<br/>
Source Lexile<br/>
521 0# - TARGET AUDIENCE NOTE
Target audience note P<br/>
Source Raz-Plus<br/>
650 #0 - SUBJECT ADDED ENTRY--TOPICAL TERM
Topical term or geographic name entry element Leprechauns
Form subdivision Fiction.
650 #0 - SUBJECT ADDED ENTRY--TOPICAL TERM
Topical term or geographic name entry element Basketball
Form subdivision Fiction.
650 #0 - SUBJECT ADDED ENTRY--TOPICAL TERM
Topical term or geographic name entry element Schools
Form subdivision Fiction.
650 #0 - SUBJECT ADDED ENTRY--TOPICAL TERM
Topical term or geographic name entry element Basketball coaches
Form subdivision Fiction.
650 #0 - SUBJECT ADDED ENTRY--TOPICAL TERM
Topical term or geographic name entry element Bailey School Kids (Fictitious characters)
Form subdivision Fiction.
655 #7 - INDEX TERM--GENRE/FORM
Genre/form data or focus term Children's stories.
Source of term lcsh
700 1# - ADDED ENTRY--PERSONAL NAME
Personal name Jones, Marcia Thornton.
Relator term Auhtor
700 1# - ADDED ENTRY--PERSONAL NAME
Personal name Gurney, John Steven,
Dates associated with a name 1962-
Relator term illustrator
906 ## - LOCAL DATA ELEMENT F, LDF (RLIN)
a 7
b cbc
c copycat
d 2
e ncip
f 20
g y-genrareb
942 ## - ADDED ENTRY ELEMENTS (KOHA)
Source of classification or shelving scheme Dewey Decimal Classification
Koha item type Books
Suppress in OPAC No
Holdings
Withdrawn status Lost status Source of classification or shelving scheme Damaged status Not for loan Collection Home library Current library Shelving location Date acquired Total Checkouts Full call number Barcode Date last seen Price effective from Koha item type
    Dewey Decimal Classification     Juvenile Fiction Footprints International School Library Network Toul Kork Campus Footprints International School Library Network Toul Kork Campus TK Primary Library Room(4th Floor), Bookcase 5&6, Shelves 33-56, Orange Books 11/07/2023   DAD 419 PZ7.D128 2023-0736 11/07/2023 11/07/2023 Books